| 000 | 00846cam a22002651 4500 | ||
|---|---|---|---|
| 999 |
_c127501 _d127501 |
||
| 001 | 8017914 | ||
| 003 | ARRUPE | ||
| 005 | 20180125140114.0 | ||
| 008 | 800123s1959 fr 000 0 fre | ||
| 010 | _a 67105591 | ||
| 035 | _a(OCoLC)5906724 | ||
| 040 |
_aDLC _cMBrHC _dOCoLC _dDLC |
||
| 042 | _apremarc | ||
| 050 | 0 | 0 |
_aBX106.2 _b.E9 |
| 100 | 1 |
_aEvdokimov, Paul, _d1901-1970. _938569 |
|
| 245 | 1 | 2 |
_aL'orthodoxie _cPaul Evdokimov. |
| 260 |
_aNeuchâtel, _bDesclee De Brouwer _c1979 |
||
| 300 |
_a350 p. _billus. _c24 cm. |
||
| 440 |
_aTheophanie _938852 |
||
| 504 | _aBibliography : p. [347]-348. | ||
| 504 | _aBibliographical footnotes. | ||
| 610 | 2 | 0 |
_aOrthodox Eastern Church _xDoctrines. _916511 |
| 906 |
_a7 _bcbc _coclcrpl _du _encip _f19 _gy-gencatlg |
||
| 942 |
_2lcc _cMONOGRAPH |
||